| 000 | 00722nam a2200205Ia 4500 | ||
|---|---|---|---|
| 005 | 20250508160715.0 | ||
| 008 | 008 250505s9999 xx 000 0 eng d | ||
| 037 | _aTextual | ||
| 040 |
_aFEDL _beng _cFEDL |
||
| 041 |
_aeng _2eng |
||
| 084 |
_a491.43, NAY _qFEDL |
||
| 100 | _aNayar Baldev Raj | ||
| 245 | 0 | _aNational communication and language policy in India | |
| 260 |
_aNew York, USA _bFrederick A Praeger _c1969 |
||
| 300 | _axvi,310p | ||
| 490 | _aMcGraw studies in development a series of the centre for developing-area studies, McGrow University | ||
| 546 | _aPraeger special studis in international politics and public affairs | ||
| 942 |
_cTEXL _h491.43, NAY |
||
| 999 |
_c1366146 _d1366146 |
||